Top 5 European Leagues Top Scorers: 1992/93 - Statistics

General Stats
  • This quiz has been taken 6 times
  • The average score is 9 of 31
Answer Stats
League Goals Club Nationality Player % Correct
Serie A 21 Juventus Italy Roberto Baggio
100%
Serie A 16 Fiorentina Argentina Gabriel Batistuta
83%
La Liga 20 Barcelona Bulgaria Hristo Stoichkov
83%
Division 1 14 PSG Liberia George Weah
67%
Division 1 19 Monaco Germany Jurgen Klinsmann
67%
Division 1 18 Marseille Germany Rudi Voller
50%
Bundesliga 15 Borussia Dortmund Switzerland Stephane Chapuisat
50%
Bundesliga 20 Eintracht Frankfurt Ghana Tony Yeboah
50%
Division 1 23 Marseille Croatia Alen Boksic
33%
La Liga 29 Coruna Brazil Bebeto
33%
La Liga 26 Real Madrid Chile Ivan Zamorano
33%
Bundesliga 20 Bayer Leverkusen Germany Ulf Kirsten
33%
Bundesliga 17 Werder Bremen New Zealand Wynton Rufer
33%
Serie A 21 Udinese Argentina Abel Balbo
17%
Bundesliga 13 Bayer Leverkusen Germany Andreas Thom
17%
Serie A 26 Lazio Italy Giuseppe Signori
17%
First Division 23 Waregam Netherlands Hendrie Kruzen
17%
First Division 31 Cercle Brugge Croatia Josip Weber
17%
First Division 22 Standard Liege Belgium Marc Wilmots
17%
First Division 23 Charleroi Yugoslavia Nebojsa Malbasa
17%
Serie A 20 Inter Uruguay Ruben Sosa
17%
Serie A 16 Napoli Uruguay Daniel Fonseca
0%
First Division 19 Antwerp Belgium Francis Severyns
0%
Bundesliga 13 Stuttgart Germany Fritz Walter
0%
Division 1 14 Le Havre Ivory Coast Joel Tiehi
0%
La Liga 17 Athletic Bilbao Spain Jose Angel Ziganda
0%
First Division 19 Anderlecht Netherlands Luc Nilis
0%
La Liga 17 Atletico Madrid Spain Luis Garcia
0%
La Liga 20 Valencia Bulgaria Lyuboslav Penev
0%
Bundesliga 13 Bochum Germany Uwe Wegmann
0%
Division 1 20 Caen France Xavier Gravelaine
0%
No matching quizzes found
Score Distribution
Percent of People with Each Score
Percentile by Number Answered
Your Score History
You have not taken this quiz